| 000 | 00371nam a2200145Ia 4500 | ||
|---|---|---|---|
| 008 | 191201s2004 xx 000 0 und d | ||
| 082 |
_a621.4021 _bRAI |
||
| 100 | _aRASTOGI, R P | ||
| 245 | 3 | _aAn Introduction To Chemical Thermo-dynamics | |
| 250 | _a6th | ||
| 260 |
_aN.Delhi _bVikas Publication House _c2004 |
||
| 300 | _a626 | ||
| 650 | _aB.Tech(ME) | ||
| 942 |
_2ddc _cBK |
||
| 999 |
_c1055 _d1055 |
||